Občiansky zákonník a s ním súvisiace predpisy

Gespeichert in:
Bibliographische Detailangaben
Weitere Verfasser: Dvonč, Ferdinand
Format: Buch
Sprache:Slowakisch
Veröffentlicht: Bratislava Obzor 1969
Tags: Tag hinzufügen
Keine Tags, Fügen Sie das erste Tag hinzu!

MARC

LEADER 00000nam a2200000 4500
001 c122436
005 20221207103337.6
041 0 |a slo 
044 |a SK 
245 1 0 |a Občiansky zákonník a s ním súvisiace predpisy  |c Zost. Ferdinand Dvonč 
264 1 |a Bratislava  |b Obzor  |c 1969 
300 |a 750 s. 
700 1 |a Dvonč, Ferdinand